[Event "Banff op"]
[Site "Banff"]
[Date "2024.11.11"]
[Round "6"]
[White "Eshraghi, Mahan1"]
[Black "Hebert, Jean"]
[Result "0-1"]
[WhiteElo "1995"]
[BlackElo "2329"]
[PlyCount "73"]
[EventDate "2024.11.09"]
[EventType "swiss"]
[EventRounds "6"]
[EventCountry "CAN"]
[SourceTitle "CB47_2024"]
[SourceDate "2024.11.20"]
[SourceVersion "1"]
[SourceVersionDate "2024.11.20"]
[SourceQuality "1"]

1. e4 d6 2. d4 g6 3. Nf3 Bg7 4. Nc3 c6 5. a4 Nf6 6. Be2 0-0 7. 0-0 a5 8. h3 Na6 9. Be3 Qc7 10. Qd2 Nb4 11. Rac1 Re8 12. Rfd1 e5 13. dxe5 dxe5 14. Bc5 Bf8 15. Bxf8 Kxf8 16. Qh6+ Kg8 17. Bc4 Be6 18. Bxe6 Rxe6 19. Rd2 Rd8 20. Re2 Ree8 21. Re3 Nh5 22. Ne2 f6 23. g4 Ng7 24. Qh4 Qf7 25. b3 Ne6 26. Qh6 Rd7 27. Ng3 Red8 28. Ree1 Nf4 29. Kh2 Nxc2 30. Rg1 Nd4 31. Nxd4 Rxd4 32. g5 Rd2 33. Rcf1 R8d3 34. Qh4 fxg5 35. Qxg5 Qe6 36. Qh4 Rf3 37. Rg2 0-1

[Event "Banff op"]
[Site "Banff"]
[Date "2024.11.10"]
[Round "4"]
[White "Khaledi, Omid"]
[Black "Hebert, Jean"]
[Result "1/2-1/2"]
[WhiteElo "2216"]
[BlackElo "2329"]
[PlyCount "68"]
[EventDate "2024.11.09"]
[EventType "swiss"]
[EventRounds "6"]
[EventCountry "CAN"]
[SourceTitle "CB47_2024"]
[SourceDate "2024.11.20"]
[SourceVersion "1"]
[SourceVersionDate "2024.11.20"]
[SourceQuality "1"]

1. d4 Nf6 2. c4 e6 3. Nf3 b6 4. g3 Ba6 5. Qc2 Bb7 6. Bg2 c5 7. d5 exd5 8. cxd5 Bxd5 9. Nc3 Bxf3 10. Bxf3 Nc6 11. Qa4 Rc8 12. Bf4 Be7 13. 0-0 0-0 14. Rfd1 Qe8 15. Nb5 d5 16. Nc7 Rxc7 17. Bxc7 Qd7 18. Bf4 Qe6 19. Rd3 c4 20. Rdd1 Bc5 21. Bg5 Nd4 22. Kg2 b5 23. Qa5 Ne4 24. Be3 Bb6 25. Qa6 Nc5 26. Qa3 Nc2 27. Qc3 Nxa1 28. Bxd5 Qf5 29. Bxc5 Bxc5 30. Bf3 Bb6 31. Rxa1 Qc5 32. e3 Rd8 33. Rd1 Rxd1 34. Bxd1 Qd6 1/2-1/2

[Event "Banff op"]
[Site "Banff"]
[Date "2024.11.09"]
[Round "2"]
[White "Lin, Leo"]
[Black "Hebert, Jean"]
[Result "1/2-1/2"]
[WhiteElo "2055"]
[BlackElo "2329"]
[PlyCount "115"]
[EventDate "2024.11.09"]
[EventType "swiss"]
[EventRounds "6"]
[EventCountry "CAN"]
[SourceTitle "CB47_2024"]
[SourceDate "2024.11.20"]
[SourceVersion "1"]
[SourceVersionDate "2024.11.20"]
[SourceQuality "1"]

1. e4 d6 2. d4 g6 3. f4 d5 4. e5 h5 5. Nf3 Nh6 6. Be3 c6 7. Bd3 Bf5 8. Nc3 e6 9. Bxf5 Nxf5 10. Bf2 Nd7 11. Qd3 Rc8 12. Ne2 c5 13. 0-0 cxd4 14. Nexd4 Nc5 15. Qe2 Nxd4 16. Bxd4 a6 17. Rfd1 b5 18. Rac1 Qc7 19. b3 Ne4 20. c4 Ba3 21. Bb2 Bxb2 22. Qxb2 Qb6+ 23. Qd4 Qxd4+ 24. Nxd4 dxc4 25. bxc4 b4 26. Ne2 Ke7 27. Rd4 Nc5 28. Rcd1 Rhd8 29. Rxd8 Rxd8 30. Rxd8 Kxd8 31. Kf2 Kc7 32. Ke3 Kb6 33. Nc1 a5 34. Kd4 a4 35. g3 Kc6 36. h3 Kb6 37. h4 b3 38. axb3 axb3 39. Kc3 Ne4+ 40. Kxb3 Nxg3 41. Kc3 Nf5 42. Nd3 Nxh4 43. Kd4 Nf5+ 44. Ke4 Kc7 45. Kf3 Nd4+ 46. Ke3 Nf5+ 47. Kf3 Kc6 48. Nf2 h4 49. Kg4 Ne3+ 50. Kxh4 Nxc4 51. Kg5 Nb6 52. Ne4 Nd7 53. Nf6 Nc5 54. Nh7 Nd3 55. Kf6 Nxf4 56. Kxf7 Kd5 57. Kf6 Nd3 58. Ng5 1/2-1/2

[Event "CAN-ch Int"]
[Site "Contrecoeur"]
[Date "2022.10.07"]
[Round "1"]
[White "Batorshyn, Ilia"]
[Black "Hebert, Jean"]
[Result "0-1"]
[WhiteElo "1955"]
[BlackElo "2340"]
[PlyCount "92"]
[EventDate "2022.10.07"]
[EventType "swiss"]
[EventRounds "5"]
[EventCountry "CAN"]
[SourceTitle "CBM 210 Extra"]
[Source "ChessBase"]
[SourceDate "2022.11.30"]
[SourceVersion "1"]
[SourceVersionDate "2022.11.30"]
[SourceQuality "1"]

1. Nf3 d5 2. d4 Nf6 3. c4 c6 4. e3 e6 5. Nbd2 c5 6. cxd5 exd5 7. b3 Nc6 8. Bb2 cxd4 9. Nxd4 Bd6 10. Rc1 Bd7 11. Be2 0-0 12. 0-0 Re8 13. Nxc6 bxc6 14. Nf3 Ne4 15. Qd4 f6 16. Qd1 Qc7 17. h3 Qb6 18. Nd4 Rad8 19. Bg4 c5 20. Nf5 Qc6 21. Nxd6 Qxd6 22. Bf3 Bb5 23. Re1 c4 24. Qd4 cxb3 25. axb3 a6 26. Red1 Qb8 27. Qb4 Qb7 28. Qa5 Rc8 29. Bh5 Rxc1 30. Rxc1 Rc8 31. Bg4 Rxc1+ 32. Bxc1 Qc6 33. Qd8+ Kf7 34. Ba3 Kg6 35. Qg8 Qc2 36. Qxd5 Qxf2+ 37. Kh1 Qe1+ 38. Kh2 Qg3+ 39. Kg1 Qxe3+ 40. Kh2 Qf4+ 41. Kg1 Qe5 42. Qb7 f5 43. Bh5+ Kxh5 44. Qf7+ Kh4 45. Be7+ Kg3 46. Bd6 Nxd6 0-1

[Event "Montreal Winter IM"]
[Site "Montreal"]
[Date "2019.01.04"]
[Round "4"]
[White "Wang, Annie"]
[Black "Hebert, Jean"]
[Result "1-0"]
[WhiteElo "2313"]
[BlackElo "2369"]
[PlyCount "91"]
[EventDate "2019.01.02"]
[EventType "tourn"]
[EventRounds "9"]
[EventCountry "CAN"]
[EventCategory "3"]
[SourceTitle "CBM 188 Extra"]
[Source "ChessBase"]
[SourceDate "2019.02.28"]
[SourceVersion "1"]
[SourceVersionDate "2019.02.28"]
[SourceQuality "1"]

1. d4 Nf6 2. c4 c5 3. d5 e6 4. Nc3 exd5 5. cxd5 d6 6. e4 g6 7. h3 Bg7 8. Nf3 0-0 9. Bd3 a6 10. a4 Nbd7 11. 0-0 Nh5 12. Bg5 Bf6 13. Bd2 Ne5 14. Nxe5 Bxe5 15. f4 Bd4+ 16. Kh2 Ng7 17. g4 f5 18. exf5 gxf5 19. g5 Ne8 20. Qh5 Bd7 21. a5 Bg7 22. Qf3 Nc7 23. Rab1 Nb5 24. Ne2 Rc8 25. Bc4 Re8 26. Ng3 Nd4 27. Qd3 Qe7 28. Rbe1 Qf7 29. Bc3 Rxe1 30. Rxe1 Re8 31. Rf1 Qe7 32. Bxd4 Bxd4 33. Nxf5 Bxf5 34. Qxf5 Qe3 35. g6 Re7 36. gxh7+ Rxh7 37. Qe6+ Kg7 38. Qd7+ Kh8 39. Qc8+ Kg7 40. Qxb7+ Kh6 41. Qc8 Qd2+ 42. Kh1 Rg7 43. Qe6+ Rg6 44. Qe2 Qxa5 45. Bd3 Rf6 46. Qg4 1-0

[Event "Contrecoeur-A"]
[Site "Contrecoeur"]
[Date "2018.11.02"]
[Round "1.1"]
[White "Hebert, Jean"]
[Black "Falardeau, Bruno"]
[Result "1-0"]
[WhiteElo "2443"]
[BlackElo "2050"]
[PlyCount "29"]
[EventDate "2018.11.02"]
[EventType "swiss"]
[EventRounds "5"]
[EventCountry "CAN"]
[SourceTitle "EXT 2022"]
[Source "ChessBase"]
[SourceDate "2021.10.06"]
[SourceVersion "1"]
[SourceVersionDate "2021.10.06"]
[SourceQuality "1"]

1. Nf3 c5 2. c4 Nc6 3. Nc3 e6 4. d4 cxd4 5. Nxd4 Nf6 6. g3 Bb4 7. Bg2 0-0 8. 0-0 Bxc3 9. bxc3 h6 10. Ba3 Re8 11. Nb5 Qa5 12. Bd6 b6 13. Qb3 Rd8 14. Rfd1 Ne8 15. Bb4 1-0

[Event "Canadian op"]
[Site "Quebec"]
[Date "2018.07.11"]
[Round "6"]
[White "Yang, Kaiqi"]
[Black "Hebert, Jean"]
[Result "1/2-1/2"]
[WhiteElo "2455"]
[BlackElo "2367"]
[PlyCount "101"]
[EventDate "2018.07.07"]
[EventType "swiss"]
[EventRounds "9"]
[EventCountry "CAN"]
[SourceTitle "CBM 185 Extra"]
[Source "ChessBase"]
[SourceDate "2018.07.29"]
[SourceVersion "1"]
[SourceVersionDate "2018.07.29"]
[SourceQuality "1"]

1. c4 e5 2. Nc3 Nf6 3. Nf3 Nc6 4. g3 d5 5. cxd5 Nxd5 6. Bg2 Nb6 7. 0-0 Be7 8. a3 0-0 9. b4 a6 10. d3 Be6 11. Ne4 f6 12. Be3 Nd5 13. Bc5 Bd6 14. Rc1 Qd7 15. Nfd2 Rfd8 16. Nc4 Qe7 17. Qd2 h6 18. Qb2 Bf7 19. Ne3 Nxe3 20. Bxe3 Nb8 21. d4 Bg6 22. dxe5 Bxe5 23. Qb3+ Bf7 24. Qc2 b6 25. Bf4 Bxf4 26. gxf4 a5 27. Ng3 axb4 28. Nf5 Qd7 29. axb4 Be6 30. Ne3 Na6 31. Qe4 c5 32. Rfd1 Qe8 33. Nc4 Rxd1+ 34. Rxd1 f5 35. Qd3 Nxb4 36. Qc3 Rd8 37. Nd6 Qd7 38. Qe5 Bb3 39. Rd2 Rf8 40. h4 Qe6 41. Qc3 Kh8 42. e4 fxe4 43. f5 Qg8 44. Bxe4 Rf6 45. Qe5 Ba4 46. Nb7 Bc6 47. Rd8 Rf8 48. Rd6 Rf6 49. Rd8 Rf8 50. Rd6 Rf6 51. Rd8 1/2-1/2

[Event "Canadian op"]
[Site "Quebec"]
[Date "2018.07.08"]
[Round "3"]
[White "Dukic, Zachary"]
[Black "Hebert, Jean"]
[Result "0-1"]
[WhiteElo "2118"]
[BlackElo "2367"]
[PlyCount "78"]
[EventDate "2018.07.07"]
[EventType "swiss"]
[EventRounds "9"]
[EventCountry "CAN"]
[SourceTitle "CBM 185 Extra"]
[Source "ChessBase"]
[SourceDate "2018.07.29"]
[SourceVersion "1"]
[SourceVersionDate "2018.07.29"]
[SourceQuality "1"]

1. e4 c5 2. Nf3 Nc6 3. d4 cxd4 4. Nxd4 e6 5. Nc3 Qc7 6. Be3 a6 7. Qd2 Nf6 8. 0-0-0 Bb4 9. f3 d5 10. a3 Bxc3 11. Qxc3 dxe4 12. Nxc6 Qxc6 13. Qxc6+ bxc6 14. Bc5 Bb7 15. Be2 Rd8 16. c4 Rxd1+ 17. Rxd1 Nd7 18. Bd6 c5 19. b4 f5 20. Kc2 Kf7 21. Kc3 Rc8 22. f4 e3 23. Bf3 Bxf3 24. gxf3 Rc6 25. Bxc5 Nxc5 26. bxc5 Rxc5 27. Kb4 Rc7 28. Re1 g5 29. Rxe3 gxf4 30. Rd3 e5 31. c5 e4 32. Rd5 Ke6 33. Kc4 Rd7 34. fxe4 fxe4 35. Rh5 f3 36. c6 Rc7 37. Rh4 f2 38. Rf4 Rf7 39. c7 Rxc7+ 0-1

[Event "Montreal Choc des Generations"]
[Site "Montreal"]
[Date "2018.04.08"]
[Round "5"]
[White "Hebert, Jean"]
[Black "Chiku Ratte, Olivier Kenta"]
[Result "1-0"]
[WhiteElo "2363"]
[BlackElo "2274"]
[PlyCount "111"]
[EventDate "2018.04.06"]
[EventType "swiss"]
[EventRounds "5"]
[EventCountry "CAN"]
[SourceTitle "EXT 2022"]
[Source "ChessBase"]
[SourceDate "2021.10.06"]
[SourceVersion "1"]
[SourceVersionDate "2021.10.06"]
[SourceQuality "1"]

1. e4 c5 2. Nf3 g6 3. c3 d5 4. exd5 Qxd5 5. d4 Nc6 6. Be2 Bg7 7. Be3 Nh6 8. dxc5 Qxd1+ 9. Bxd1 Ng4 10. Na3 Nxe3 11. fxe3 0-0 12. Kf2 Bd7 13. Be2 Rfc8 14. Rhd1 Be8 15. Nc4 Nd8 16. b4 Bxc3 17. Rab1 Rab8 18. Nd4 b6 19. cxb6 axb6 20. b5 Bxd4 21. exd4 Ne6 22. Ke3 Nc7 23. a4 Nd5+ 24. Kd2 Rc7 25. Rdc1 Rbc8 26. Nxb6 Rxc1 27. Rxc1 Nxb6 28. a5 Rb8 29. axb6 Kg7 30. Kc3 Rxb6 31. Kb4 Kf6 32. Rc7 Bxb5 33. Bxb5 Rb8 34. Ra7 Rc8 35. Bc4 Rb8+ 36. Kc3 Rb1 37. Ra2 e6 38. Rf2+ Kg7 39. d5 exd5 40. Bxd5 f5 41. Rb2 Rc1+ 42. Kd2 Rc8 43. Rb7+ Kh6 44. Rd7 Rb8 45. Ke3 Re8+ 46. Kf4 Rb8 47. h3 Rf8 48. Re7 Rd8 49. Ke5 Rb8 50. Kf6 Rf8+ 51. Bf7 Rb8 52. g4 fxg4 53. hxg4 Rb6+ 54. Be6 Rb5 55. Rd7 Rc5 56. Rd1 1-0

[Event "Montreal Varennes op"]
[Site "Montreal"]
[Date "2017.10.07"]
[Round "2"]
[White "Hebert, Jean"]
[Black "Tomb, Maroun"]
[Result "1-0"]
[WhiteElo "2376"]
[BlackElo "2155"]
[PlyCount "83"]
[EventDate "2017.10.06"]
[EventType "swiss"]
[EventRounds "5"]
[EventCountry "CAN"]
[SourceTitle "CBM 181 Extra"]
[Source "ChessBase"]
[SourceDate "2017.12.12"]
[SourceVersion "1"]
[SourceVersionDate "2017.12.12"]
[SourceQuality "1"]

1. d4 d6 2. Nf3 Nf6 3. c4 Nbd7 4. Nc3 e5 5. e4 Be7 6. Be2 0-0 7. 0-0 c6 8. Rb1 a5 9. Re1 Re8 10. Bf1 Bf8 11. d5 Nc5 12. b3 Bd7 13. Nd2 g6 14. a3 cxd5 15. cxd5 Nh5 16. g3 f5 17. f3 Be7 18. b4 axb4 19. Rxb4 fxe4 20. Ndxe4 Qc7 21. Kg2 Ra5 22. Bb2 Ng7 23. Qd2 Nf5 24. Nb5 Bxb5 25. Bxb5 Rf8 26. a4 Raa8 27. Rc4 b6 28. Nxc5 bxc5 29. Rce4 Bf6 30. Qd3 Rf7 31. Bc3 Nd4 32. Bxd4 cxd4 33. R4e2 Bg5 34. Rc2 Qa5 35. Rf1 Be3 36. h4 Raf8 37. Rc6 Qb4 38. Rc4 Qa5 39. Rc6 Qb4 40. Rc2 Kg7 41. Rc4 Qa5 42. Rc6 1-0

[Event "Montreal op"]
[Site "Montreal"]
[Date "2017.09.10"]
[Round "4"]
[White "Hebert, Jean"]
[Black "Ouellet, Maili Jade"]
[Result "1-0"]
[WhiteElo "2375"]
[BlackElo "1982"]
[PlyCount "137"]
[EventDate "2017.09.08"]
[EventType "swiss"]
[EventRounds "5"]
[EventCountry "CAN"]
[SourceTitle "CBM 180 Extra"]
[Source "ChessBase"]
[SourceDate "2017.10.06"]
[SourceVersion "1"]
[SourceVersionDate "2017.10.06"]
[SourceQuality "1"]

1. d4 d5 2. c4 e6 3. Nf3 Nf6 4. g3 Be7 5. Bg2 0-0 6. 0-0 dxc4 7. Qc2 b6 8. Ne5 Qxd4 9. Bxa8 Qxe5 10. Bf4 Qc5 11. Nd2 Ba6 12. Be3 Qh5 13. Bf3 Ng4 14. Bxg4 Qxg4 15. f3 Qh5 16. Nxc4 Bc5 17. Bf2 Nc6 18. Rad1 Nb4 19. Qb3 Bxf2+ 20. Rxf2 Qc5 21. Ne3 c6 22. Qc3 Qxc3 23. bxc3 Nd5 24. Nxd5 cxd5 25. e4 Bc4 26. a4 Rc8 27. Rb2 Kf8 28. Kf2 Ke7 29. exd5 Bxd5 30. Rd3 Rc6 31. Rb4 Bc4 32. Rd4 Ba2 33. Rd3 Bc4 34. Rd2 Bd5 35. Rc2 Kd7 36. Rd4 Ke7 37. Ke3 Rc5 38. f4 Bb3 39. Rc1 Bd5 40. Kd3 Ra5 41. Rb1 Bc6 42. Rbb4 Bb7 43. Kc2 Ba6 44. Rb1 Rc5 45. Rbd1 Rc7 46. Kb3 Be2 47. Re1 Ba6 48. f5 Bb7 49. fxe6 fxe6 50. a5 b5 51. Re5 a6 52. Kb4 Bg2 53. Rc5 Rb7 54. Rc8 e5 55. Rd2 Bf3 56. Kc5 e4 57. Rdd8 g5 58. Kd4 b4 59. Rb8 Rxb8 60. Rxb8 bxc3 61. Kxc3 e3 62. Rb6 h5 63. Rxa6 Kd7 64. Rb6 Kc7 65. Rg6 g4 66. Rh6 Kb7 67. Rxh5 Ka6 68. Re5 e2 69. Kd2 1-0

[Event "Quebec op"]
[Site "Quebec"]
[Date "2017.08.18"]
[Round "8"]
[White "Sambuev, Bator"]
[Black "Hebert, Jean"]
[Result "1/2-1/2"]
[WhiteElo "2522"]
[BlackElo "2370"]
[PlyCount "218"]
[EventDate "2017.08.12"]
[EventType "swiss"]
[EventRounds "9"]
[EventCountry "CAN"]
[SourceTitle "CBM 180 Extra"]
[Source "ChessBase"]
[SourceDate "2017.10.06"]
[SourceVersion "1"]
[SourceVersionDate "2017.10.06"]
[SourceQuality "1"]

1. Nf3 d5 2. c4 c6 3. e3 Nf6 4. b3 g6 5. Bb2 Bg7 6. d3 0-0 7. Nbd2 b6 8. Be2 c5 9. cxd5 Nxd5 10. Bxg7 Kxg7 11. Qc2 e6 12. a3 Bb7 13. h4 h6 14. g4 Nd7 15. g5 h5 16. Qb2+ Kg8 17. Rc1 Qe7 18. Ne4 Rfd8 19. Rg1 e5 20. Nfd2 b5 21. Bf1 N5b6 22. Bh3 Bd5 23. Nf6+ Nxf6 24. gxf6 Qxf6 25. Rg5 c4 26. Qxe5 Qxe5 27. Rxe5 cxd3 28. Rc3 Re8 29. Rxe8+ Rxe8 30. Rxd3 Re7 31. Kd1 Rc7 32. e4 Bb7 33. Bf1 Nd7 34. Rd4 Bc6 35. b4 Kf8 36. Nb3 Ke7 37. Kd2 Nf8 38. Ke3 Ne6 39. Rd3 Bd7 40. Be2 Be8 41. f4 f6 42. f5 gxf5 43. exf5 Ng7 44. Kf4 Bd7 45. Nd4 a6 46. Rg3 Kf7 47. Bf3 Rc1 48. Bd5+ Kf8 49. Rg6 Rf1+ 50. Nf3 Ne8 51. Rg8+ Ke7 52. Rh8 Ng7 53. Rh7 Kf8 54. Rh8+ Ke7 55. Be4 Ra1 56. Rh7 Kf8 57. Rh6 Ke7 58. Rh7 Kf8 59. Nd4 Rf1+ 60. Bf3 Kg8 61. Rh6 Nxf5 62. Nxf5 Bxf5 63. Rxh5 Bc2 64. Rd5 f5 65. Rd8+ Kf7 66. Kg3 Be4 67. Bxe4 fxe4 68. Rd4 Rf3+ 69. Kg4 Rxa3 70. Rxe4 a5 71. bxa5 Rxa5 72. Re5 Ra4+ 73. Kg5 Rb4 74. h5 Rb1 75. Rc5 Rg1+ 76. Kh6 b4 77. Rb5 Rg4 78. Rb6 Rh4 79. Rb5 Kg8 80. Rb7 Rc4 81. Rb8+ Kf7 82. Kh7 Rg4 83. h6 Rh4 84. Rb7+ Kf6 85. Rb5 Rc4 86. Rb6+ Kf7 87. Rb8 Rc7 88. Kh8 Kg6 89. Rb6+ Kf7 90. Rxb4 Kg6 91. Rb6+ Kf7 92. Kh7 Rc1 93. Rb2 Rf1 94. Rg2 Kf8 95. Rg8+ Kf7 96. Ra8 Rg1 97. Ra6 Rg2 98. Ra1 Rg4 99. Rf1+ Ke7 100. Rf5 Rg1 101. Kh8 Rg2 102. h7 Rg1 103. Ra5 Kf7 104. Ra7+ Kf8 105. Ra8+ Kf7 106. Rg8 Ra1 107. Rg2 Kf8 108. Rg4 Rf1 109. Rf4+ Rxf4 1/2-1/2

[Event "Montreal Pere Noel op"]
[Site "Montreal"]
[Date "2016.12.28"]
[Round "3"]
[White "Hebert, Jean"]
[Black "Duong, Thanh Nha"]
[Result "1/2-1/2"]
[WhiteElo "2369"]
[BlackElo "2153"]
[PlyCount "70"]
[EventDate "2016.12.26"]
[EventType "swiss"]
[EventRounds "5"]
[EventCountry "CAN"]
[SourceTitle "CBM 176 Extra"]
[Source "ChessBase"]
[SourceDate "2017.03.02"]
[SourceVersion "1"]
[SourceVersionDate "2017.03.02"]
[SourceQuality "1"]

1. Nf3 Nf6 2. c4 g6 3. Nc3 Bg7 4. d4 0-0 5. Bg5 c5 6. d5 h6 7. Bh4 b5 8. cxb5 a6 9. e3 axb5 10. Bxb5 d6 11. 0-0 Ba6 12. Bxa6 Nxa6 13. Nd2 Rb8 14. Nc4 Rb4 15. Qe2 Qa8 16. a3 Rbb8 17. Rad1 Nc7 18. e4 Rfe8 19. Rfe1 Nd7 20. Bg3 Qa6 21. e5 Nxe5 22. Nxe5 Qxe2 23. Rxe2 Bxe5 24. Bxe5 dxe5 25. Na4 f6 26. Nxc5 Red8 27. Red2 Nb5 28. f4 Rdc8 29. Ne6 e4 30. a4 Nd6 31. Nd4 Kf7 32. Re2 Rc5 33. Ne6 Rc4 34. Nd4 Rc5 35. Ne6 Rc4 1/2-1/2

[Event "Montreal Pere Noel op"]
[Site "Montreal"]
[Date "2016.12.26"]
[Round "1"]
[White "Yao, Houji"]
[Black "Hebert, Jean"]
[Result "1/2-1/2"]
[WhiteElo "1973"]
[BlackElo "2369"]
[PlyCount "72"]
[EventDate "2016.12.26"]
[EventType "swiss"]
[EventRounds "5"]
[EventCountry "CAN"]
[SourceTitle "CBM 176 Extra"]
[Source "ChessBase"]
[SourceDate "2017.03.02"]
[SourceVersion "1"]
[SourceVersionDate "2017.03.02"]
[SourceQuality "1"]

1. e4 c5 2. Nf3 e6 3. d4 cxd4 4. Nxd4 Nc6 5. Nc3 a6 6. Nxc6 bxc6 7. Bd3 d5 8. 0-0 Nf6 9. Bf4 Bb7 10. Qf3 Be7 11. Rad1 Qa5 12. Bd2 Qc7 13. Rfe1 d4 14. Na4 c5 15. b3 0-0 16. Nb2 Nd7 17. Nc4 Rae8 18. Qh5 e5 19. Qe2 Ra8 20. a4 Rfe8 21. Qf3 Bf8 22. Rb1 Bc8 23. Kh1 Qc6 24. Qg3 Ra7 25. Na5 Qg6 26. Nc4 Bb7 27. Kg1 Nf6 28. Qxg6 hxg6 29. Ba5 Nd7 30. f3 Bc6 31. Bd2 Ba8 32. Kf2 Be7 33. Re2 g5 34. Rh1 g6 35. Ke1 Kg7 36. Kd1 Rb8 1/2-1/2